| 000 -ლიდერი |
| ფიქსირებული სიგრძის საკონტროლო ველი |
01392nam a22001937a 4500 |
| 003 - საკონტროლო ნომრის იდენტიფიკატორი |
| საკონტროლო ველი |
Ge_BSU |
| 005 - ბოლო ოპერაციის თარიღი და დრო |
| საკონტროლო ველი |
20260330121859.0 |
| 008 - ფიქსირებული სიგრძის მონაცემთა ელემენტები - ზოგადი ინფორმაცია |
| ფიქსირებული სიგრძის საკონტროლო ველი |
260330s1996 ge ||||| |||| 00| 0 geo d |
| 041 ## - ენის კოდი |
| Language code of text/sound track or separate title |
geo |
| 080 ## - უნივერსალური ათობითი კლასიფიკაციის ინდექსი |
| Universal Decimal Classification number |
339(073) ს-16 |
| 245 ## - ცნობა სათაურის შესახებ |
| Title |
სავაჭრო საწარმოს ეკონომიკა : |
| Statement of responsibility, etc |
რედ ე. ბოლოკაძე; ივ. ჯავახიშვილი სახელობის თბილისის სახელმწიფო უნივერსიტეტი. საქონელმიმოქცევის ეკონომიკისა და მარკეტინგის კათედრა. |
| Remainder of title |
სახელმძღვანელო / |
| 264 ## - წარმოების, გამოცემის, დისტრიბუციის და სხვა ცნობები |
| გამოცემის, წარმოების, დისტრიბუციის... ადგილი |
თბილისი : |
| გამოცემის, წარმოების, დისტრიბუციის... სახელწოდება |
შპშ ქართული ფილმი, |
| გამოცემის, წარმოების, დისტრიბუციის... თარიღი |
1996. |
| 300 ## - ფიზიკური აღწერა |
| Extent |
252 გვ.: |
| Other physical details |
20 სმ. |
| 504 ## - BIBLIOGRAPHY, ETC. NOTE |
| Bibliography, etc |
ბიბლიოგრ. გვ. 246-247 |
| 653 ## - INDEX TERM--UNCONTROLLED |
| Uncontrolled term |
სავაჭრო ეკონომიკის პროგრამები |
| 700 ## - ADDED ENTRY--PERSONAL NAME |
| Personal name |
ბოლოკაძე, ე. |
| Relator term |
რედაქტორი |
| 9 (RLIN) |
27236 |
| 710 ## - ADDED ENTRY--CORPORATE NAME |
| Corporate name or jurisdiction name as entry element |
თბილისის სახელმწიფო უნივერსიტეტი. |
| Subordinate unit |
საქონელმიმოქცევის ეკონომიკისა და ორგანიზაციის კათედრა |
| 9 (RLIN) |
27237 |
| 942 ## - ADDED ENTRY ELEMENTS (KOHA) |
| Source of classification or shelving scheme |
|
| Koha item type |
წიგნი |